Espejo de príncipes y caballeros V

Salvato in:
Dettagli Bibliografici
Autore principale: Ortúnez de alahorra, Diego
Natura: Libro
Lingua:Undetermined
Pubblicazione: Madrid, España Espasa-Calpe 1975
Soggetti:
Tags: Aggiungi Tag
Nessun Tag, puoi essere il primo ad aggiungerne!!

MARC

LEADER 00000nam a2200000Ia 4500
008 170316s9999 xx 000 0 und d
040 |a cru BVZT 
090 |a 862 O-7e v.5 
100 |a Ortúnez de alahorra, Diego 
245 |a Espejo de príncipes y caballeros V 
260 |a Madrid, España 
260 |b Espasa-Calpe 
260 |c 1975 
300 |a 332 páginas 
650 |a LITERATURA ESPAÑOLA 
999 |c 10258  |d 10258 
942 |c 15 D  |h 862 O-7e v.5  |2 z